| 000 | 00820nam a2200313 a 4500 | ||
|---|---|---|---|
| 003 | AR-BaBNM | ||
| 005 | 20251128203457.0 | ||
| 008 | 082120s2002 ||||||||||||||000 | spa|| | ||
| 040 | _cAR-BaBNM | ||
| 100 | 1 | _aTaussig, F.W. | |
| 245 | 0 | 0 |
_aPrincipios de economía _n1 |
| 260 |
_aBuenos Aires _bEspasa-Calpe _c1945 |
||
| 300 |
_a547 p. _bgráfs. |
||
| 504 | _aBibliografía para consultar al final de cada capítulo | ||
| 650 | 4 | _aECONOMIA | |
| 650 | 4 | _aSISTEMAS ECONOMICOS | |
| 650 | 4 | _aTEORIA ECONOMICA | |
| 650 | 4 | _aPRODUCCION | |
| 650 | 4 | _aFINANZAS | |
| 650 | 4 | _aSISTEMAS MONETARIOS | |
| 650 | 4 | _aDINERO | |
| 650 | 4 | _aBANCOS | |
| 650 | 4 | _aTRABAJO | |
| 650 | 4 | _aPRODUCTIVIDAD | |
| 700 | 1 |
_aPozo, Adolfo A. _etraductor |
|
| 700 | 1 |
_aClose, Alberto M. _etraductor |
|
| 942 | _cBK | ||
| 998 | _cmariana | ||
| 999 |
_c3566 _d3566 |
||